| 000 | 00730nam a22002417a 4500 | ||
|---|---|---|---|
| 005 | 20250708141402.0 | ||
| 008 | 250708b |||||||| |||| 00| 0 eng d | ||
| 020 | _a978-81-19230-35-8 (hbk) | ||
| 037 | _cTB | ||
| 040 |
_aAL _cAL |
||
| 041 |
_2URD _aURD |
||
| 084 |
_aR3xC57:g 168R4 _bAL |
||
| 100 |
_aBaland Iqbal _9815275 |
||
| 245 | _aPlato se postmodernism tak maghribi adab | ||
| 260 |
_aLucknow, India: _bMatterlink Publishers, _c2024 |
||
| 300 | _a367p. | ||
| 365 |
_b800.00 _cINR |
||
| 650 | _aPhilosophy | ||
| 650 | _aCriticism | ||
| 650 | _aMetaphysics | ||
| 942 |
_2CC _cTB _hR3xC57:g 168R4 _n0 |
||
| 999 |
_c1433495 _d1433495 |
||